Pakistan Journal of Physical Therapy / (Record no. 533372)
[ view plain ]
| 000 -LEADER | |
|---|---|
| fixed length control field | 00345nam a22001097a 4500 |
| 022 ## - INTERNATIONAL STANDARD SERIAL NUMBER | |
| International Standard Serial Number | 2663-0796 E-2663-080X |
| 110 ## - MAIN ENTRY--CORPORATE NAME | |
| Corporate name or jurisdiction name as entry element | University Institute of Physical Therapy. |
| 245 ## - TITLE STATEMENT | |
| Title | Pakistan Journal of Physical Therapy / |
| Statement of responsibility, etc | Faculty of Allied Health Sciences. |
| 260 ## - PUBLICATION, DISTRIBUTION, ETC. (IMPRINT) | |
| Place of publication, distribution, etc | Lahore : |
| Name of publisher, distributor, etc | The University of Lahore, |
| 300 ## - PHYSICAL DESCRIPTION | |
| Dimensions | 30 cm. |
| 942 ## - ADDED ENTRY ELEMENTS (KOHA) | |
| Koha item type | Continuing Resources |
| Damaged status | Not for loan | Permanent Location | Current Location | Date acquired | Full call number | Barcode | Koha item type |
|---|---|---|---|---|---|---|---|
| Central Library (CL) | Central Library (CL) | 12/28/2019 | Vol-01, No-3 JUL-SEP 2018 | S-94056 | Continuing Resources | ||
| Central Library (CL) | Central Library (CL) | 12/28/2019 | Vol-01, No-3 JUL-SEP 2018 | S-94055 | Continuing Resources | ||
| Central Library (CL) | Central Library (CL) | 02/19/2020 | Vol-01, No-2 APR-JUN 2018 | S-6078 | Continuing Resources |
